América Latina en el umbral de los años 80

Đã lưu trong:
Chi tiết về thư mục
Tác giả của công ty: CEPAL
Định dạng: Texto
Được phát hành: Santiago: CEPAL. ILPES
Những chủ đề:
Các nhãn: Thêm thẻ
Không có thẻ, Là người đầu tiên thẻ bản ghi này!

MARC

LEADER 00000 a a2200000 04500
001 15502
003
040
090 |a 018900  
110 |a CEPAL  
245 |a América Latina en el umbral de los años 80  
260 |a Santiago:   |b CEPAL. ILPES  
300 |a 6; 203 p.  
650 |a CONDICIONES ECONOMICAS  
999 |c 12742  |d 12742